000 00304nam a22001337a 4500
008 181019b xxu||||| |||| 00| 0 eng d
020 _a0352006500
041 _aeng
080 _a621
100 _a27
101 _aMEK
245 _aIntroduction to Automatic Controls
_cHarrison, H.L
942 _2udc
_cBK
999 _c50284
_d50284